Normal view
MARC view
- Haji Muhamad Noor bin Datuk Haji Ibrahim
Entry Personal Name
001 - CONTROL NUMBER
- control field: 1746
003 - CONTROL NUMBER IDENTIFIER
- control field: OSt
005 - DATE AND TIME OF LATEST TRANSACTION
- control field: 20170505121052.0
008 - FIXED-LENGTH DATA ELEMENTS
- fixed length control field: 170505|| aca||aabn | a|a d
040 ## - CATALOGING SOURCE
- Original cataloging agency: OSt
- Transcribing agency: OSt
100 ## - HEADING--PERSONAL NAME
- Personal name: Haji Muhamad Noor bin Datuk Haji Ibrahim
670 ## - SOURCE DATA FOUND
- Source citation: Work cat.: (OSt): Haji Muhamad Noor bin Datuk Haji Ibrahim, Mukaddimah mastika hadis rasulullah s.a.w /, 2007

PORTAL AKMAL
E-MEL JKDM
AKMAL2U
G-BAM
u-PUSTAKA